Ciudades de Francia - Estadísticas

Estadísticas generales
  • Esta prueba ha sido intentada 667 veces
  • La puntuación promedio es 10 de 15
Estadísticas de respuestas
Hint Respuesta % Correcto
1 Paris
100%
3 Lyon
95%
2 Marsella
94%
6 Burdeos
79%
5 Niza
78%
7 Nantes
77%
4 Toulouse
76%
11 Lille
69%
9 Estrasburgo
64%
8 Montpellier
62%
10 Rennes
54%
15 Cannes
33%
14 Nancy
27%
12 Saint Etienne
26%
13 Toulon
21%
No se encontraron pruebas coincidentes
Distribución de puntuación
Porcentaje de gente con cada puntuación
Porcentaje por número respondido
Historial de tus puntuaciones
No has intentado esta prueba.